01137nam a2200301Ia 450000500170000000800410001702000190005824501440007725000210022130000610024249000210030350400270032465000470035165000430039865000460044165000400048765000360052765000400056370000400060394200150064326400270065833600270068533700330071233800280074504000350077308400120080899900150082020220317001215.0160825s2008 ck a g 000 0 spa  a9789586156201210aMagia de los mitos y leyendas latinoamericanascredactor y compilador Alexander Castillo Morales ; ilustrado por Rodolfo Marín Martínez a7a. impresión  a176 páginas bilustraciones en blanco y negro c20 cm  aMar de historias aIncluye bibliografía142LEMBaMitología juvenil Latinoamericana 142LEMB aleyenda juvenil Latinoamericana142LEMB aLiteratura juvenil latinoamericana142LEMB aIndígenas en la literatura142LEMB aFolclor en la literatura142LEMB aGeografía en la literatura1 aMarín Martínez, Rodolfo 967641 2loccBKLIT aBogotábEducarc2008 atextobtxt2rdacontent asin mediaciónbn2rdamedia avolumenbnc2rdacarrier aCO-BoRNBPbspaerdacCO-BoRNBP aLM MAG1 c6246d6246